Quiz One Piece: Les grandes forces du monde - Statistiques

Statistiques générales
  • Ce quiz a été pris 156 fois
  • Le résultat moyen est 16 sur 30
Statistiques - réponses
Question Réponse % Correct
3. La Marine: Pourquoi Fujitora est il aveugle ? Il s'est enlevé la vue de lui même pour ne plus voir la pourriture de ce monde
89%
1. 7 Grand Corsaires: Lequel de ces grands Corsaires n'étaient pas présents lors de l'exécution de Gol D Roger ? Jinbe
83%
5. Les 4 Empereurs: Quel bras Shanks a t il perdu ? Gauche
81%
3. 7 Grand Corsaires: Par quel redoutable ennemi a été vaincu Gecko Moria dans le nouveau monde avant la création de Thriller Bark ? Kaido
81%
2. 7 Grand Corsaires: Quel membre de la Donquichotte Family a t il fourni le pistolet à Doflamingo qui lui a permis de tuer son père ? Trébol
81%
1. La Marine: combien de temps a duré le combat opposant Aokiji et Akainu sur Punk Hazard ? 10 jours
77%
5. Supernova: D'après Basil Hawkins, durant la bataille d'Onigashima les chances de survie "d'un certain homme" s'élevaient à 1%. De qui s'agissait il ? Basil Hawkins lui même
77%
2. Armée Révolutionnaire: Lequel de ces personnages n'est pas un révolutionnaire ? Vegapunk
77%
3. Supernova: De quel mer est originaire Trafalgar Law ? North blue
70%
2. Supernova: Quel est le nom du navire d'Eustass Captain Kidd ? Victoria Punk
70%
5.Armée Révolutionnaire: Quel île leurs servaient de quartier général avant sa destruction ? Baltigo
68%
5. La Marine: Quel excuse Fujitora a t il donné a Akainu pour assister à la rêverie alors qu'il lui été interdit de poser un pied dans une base de la Marine ? Techniquement Marie Geoise n'est pas une base de la Marine
66%
4. La Marine: Quel est l'animal représentant Aramaki Ryokugyu ? Le taureau
60%
3.Armée Révolutionnaire: Qui est le père de Sabo ? Outlook III
60%
1. Supernova: De quelle maladie a été atteinte Jewelry Bonney ? La maladie des écailles de saphir
57%
2. La Marine: Sur Sabaody, quel personnage été convaincu d'avoir réduit Kizaru en plusieurs morceaux ? Scratchmen Apoo
55%
1. Les 4 Empereurs: À combien s'élève la prime de Baggy ? 3 milliards 189 millions
53%
3. Les 4 Empereurs: Comment Barbe Blanche considérait t il Oden Kozuki ? Son frère
51%
5. Supernova: Quel supernova à part Luffy est parvenue à vaincre un général sucré de Big Mom ? Urouge
51%
2. Gouvernement mondial: À quel famille appartient Imu ? Nerona
49%
5. Gouvernement mondial: Quel Cipher Pol n'est jamais apparu dans l'oeuvre ? CP 4
47%
1. Gouvernement mondial: Combien y a t il d'épée planté autour du trône vide ? 19
36%
4. 7 Grand Corsaires: Dans lequel de ces animaux l'impératrice Boa Hancock n a t elle pas shooté Chiot
34%
4. Les 4 Empereurs: Avec lequel des 4 Empereurs Luffy est il entré en contact en deuxième après l'ellipse ? Barbe noire
32%
1.Armée Révolutionnaire: Qui est le vice Lieutenant de Belo Betty ? Ahiru
28%
3. Gouvernement mondial: De quoi Saint Sheperd Ju Peter est il le Dieu guerrier ? De l'agriculture
26%
4.Armée Révolutionnaire: De quelle région est responsable le lieutenant Karasu ? Septentrionale
26%
2. Les 4 Empereurs: Laquelle de ces rumeurs sur Barbe noires n'existe pas ? Il a mangé un troisième fruit démon
23%
4. Gouvernement mondial: Qu'est ce qui est organisé par le gouvernement mondial tous les 3 ans La Compétition Trisannuelle de Chasse à l'Autochtone
17%
5. 7 Grand Corsaires: Donne l'ordre croissant des primes des grands corsaires avant leurs destitutions ? Boa Hancock- Crocodile- Jinbe- Kuma- Moria- Doflamingo
15%
Aucun quiz correspondant
Distribution des résultats
% des personnes avec chaque résultat
Percentile par nombre de réponses
Votre historique - résultats
Vous n’avez pas pris ce quiz